Byzantium (Record no. 8416)

MARC details
000 -LEADER
fixed length control field 00596nam a2200241 a 4500
020 ## - INTERNATIONAL STANDARD BOOK NUMBER
ISBN
082 00 - DEWEY DECIMAL CLASSIFICATION NUMBER
Classification number 949.5
Author Cutter WAL
100 ## - MAIN ENTRY--AUTHOR NAME
Author name Walford, Naomi
245 ## - TITLE STATEMENT
Title Byzantium
Sub title Greatness and Decline
260 ## - PUBLICATION, DISTRIBUTION, ETC. (IMPRINT)
Place of publication New Jersey
Name of publisher Rutgers University Press
Year of publication 1957
300 ## - PHYSICAL DESCRIPTION
Number of Pages 357p
500 ## - GENERAL NOTE
General note includes index and biblioraphy
505 2# - FORMATTED CONTENTS NOTE
Formatted contents note Index
650 ## - SUBJECT ADDED ENTRY--TOPICAL TERM
Topical Term Byzantine Empire-History
942 ## - ADDED ENTRY ELEMENTS (KOHA)
Koha item type Books
700 1# -
-- Walford, Naomi
Holdings
Collection code Home library Current library Date acquired Cost, normal purchase price Full call number Accession Number Koha item type
  Henry Martyn Institute Library Henry Martyn Institute Library 04/02/2007 100.00 949.5 WAL 011976 Books
                   Copyright © 2026 | Henry Martyn Institute | Hyderabad | TS-500052 | INDIA | Implemented by hmi.edu.in
Hit-Count:

Powered by Koha